Comentarios al reglamento general de recaudación / César Aller
Publicado:
Madrid :
Ministerio de Hacienda, Secretaría General Técnica, Servicio de Publicaciones ,
1971
Descripción Física:
550 p. ; 24 cm
MARC
| LEADER | 00000nam a2200000Ia 4500 | ||
|---|---|---|---|
| 001 | 10549 | ||
| 008 | 160829s1971 xx 000 0 cat d | ||
| 080 | |a M-1-234 | ||
| 100 | |a Aller, César |9 23622 | ||
| 245 | |a Comentarios al reglamento general de recaudación / César Aller | ||
| 260 | |a Madrid : |b Ministerio de Hacienda, Secretaría General Técnica, Servicio de Publicaciones, |c 1971 | ||
| 300 | |a 550 p. ; |c 24 cm | ||
| 650 | |a Impostos |x Recaptació |x Dret i legislació |x Espanya |9 23284 | ||
| 901 | |a Arxiu | ||
| 942 | |n 1 | ||
| 952 | |0 0 |1 0 |4 0 |6 M1234 |7 1 |9 42783 |a Arxiu |b Arxiu |d 2016-12-01 |l 0 |o M-1-234 |p 10549 |r 2016-12-01 00:00:00 |w 2016-12-01 |y ARXIU | ||
| 999 | |c 45289 |d 45289 | ||